Statistics for MLB Baseball 200 Single-Season Hits

Click here to take the quiz!

General Stats

  • This quiz has been taken 6,086 times
    (451 since last reset)
  • The average score is 52 of 139

Answer Stats

# SeasonsPlayer% Correct
10Ichiro Suzuki
86%
5Tony Gwynn
85%
7Derek Jeter
83%
4Jose Altuve
83%
3Alex Rodriguez
82%
1Mookie Betts
78%
2George Brett
77%
1Miguel Cabrera
77%
10Pete Rose
76%
2Bernie Williams
75%
3Billy Williams
75%
1Melky Cabrera
74%
2Cal Ripken
70%
1Ronald Acuña Jr.
70%
1Bobby Bonds
69%
3Hank Aaron
69%
1Larry Walker
68%
2Todd Helton
68%
1Robin Yount
66%
7Wade Boggs
66%
4Roberto Clemente
65%
4Rod Carew
65%
5Kirby Puckett
64%
4Vladimir Guerrero
64%
1Willie Mays
64%
1Freddie Freeman
63%
1Adrian Gonzalez
62%
1Luis Gonzalez
61%
4Paul Molitor
61%
2Stan Musial
61%
1Hanley Ramirez
59%
4Juan Pierre
59%
1Albert Pujols
58%
1Frank Robinson
58%
1Craig Biggio
57%
2Dustin Pedroia
57%
3Don Mattingly
54%
1Jimmy Rollins
54%
1Al Kaline
51%
1Ryne Sandberg
50%
1Adrian Beltre
49%
1Buddy Bell
49%
1Charlie Blackmon
47%
4Jim Rice
47%
1Luis Arraez
47%
1Ryan Braun
47%
1Alan Trammell
46%
4Lou Brock
46%
1Joe Carter
45%
6Michael Young
45%
1Rafael Devers
43%
1Alex Johnson
42%
2Dee Gordon
42%
1Keith Hernandez
42%
1Lance Johnson
42%
1Tommy Davis
42%
1Jack Wilson
40%
1Nomar Garciaparra
40%
1Willie Wilson
40%
1Chase Utley
39%
1Rafael Palmeiro
39%
2Robinson Cano
39%
1Garret Anderson
38%
1Whit Merrifield
38%
1Alfonso Soriano
37%
1Dante Bichette
36%
6Steve Garvey
36%
1Lou Whitaker
35%
1Dave Parker
34%
3Miguel Tejada
34%
1Jose Reyes
33%
1Willie McGee
33%
2Joe Torre
32%
1Kenny Lofton
32%
1Magglio Ordonez
32%
1Johnny Damon
31%
1Mike Piazza
31%
1Bill White
30%
2Felipe Alou
30%
1Jacoby Ellsbury
30%
2Matty Alou
30%
3Richie Ashburn
30%
1Albert Belle
29%
3Cecil Cooper
29%
1Tony Fernandez
28%
2Tony Oliva
28%
1Ellis Burks
27%
1John Olerud
27%
2Mo Vaughn
27%
1Nellie Fox
27%
1Maury Wills
24%
2Bill Buckner
23%
1Bret Boone
23%
2Dave Cash
23%
1Dick Allen
22%
1Julio Franco
22%
1Matt Holliday
22%
1Vernon Wells
22%
1Phil Rizzuto
21%
2Al Oliver
19%
3Ralph Garr
19%
2Steve Sax
19%
4Vada Pinson
19%
1Vinny Castilla
19%
1Darin Erstad
18%
2Curt Flood
16%
2Garry Templeton
16%
1Al Rosen
15%
1Starlin Castro
15%
1Bobby Richardson
14%
1Marquis Grissom
14%
1Mike Sweeney
14%
1Ruben Sierra
14%
2Carlos Baerga
13%
1George Kell
13%
1Michael Brantley
13%
1Placido Polanco
13%
1Rich Aurilia
13%
1Ron LeFlore
13%
1Ender Inciarte
12%
1Freddy Sanchez
12%
1Al Bumbry
11%
1Jose Vidro
11%
1Kevin Seitzer
11%
1Dick Groat
10%
2Harvey Kuenn
10%
1Mickey Rivers
10%
1Shannon Stewart
10%
1Red Schoendienst
9%
1Cesar Tovar
8%
1Jean Segura
8%
1B.J. Surhoff
7%
1Don Mueller
7%
1Willie Montanez
7%
1Mark Grudzielanek
6%
1Mickey Vernon
6%
1Doug Glanville
5%
1Mark Loretta
5%
1Randy Velarde
2%

Score Distribution

Percentile by Number Answered

Percent of People with Each Score

Your Score History

You have not taken this quiz since the last reset